[Event "SVR-op"]
[Site "Hennweiler"]
[Date "2018.03.31"]
[Round "7"]
[White "Melnikov, Valeri"]
[Black "Burg, Ernst"]
[Result "1-0"]
[WhiteElo "1877"]
[BlackElo "1703"]
[PlyCount "85"]
[EventDate "2018.03.24"]
[EventType "swiss"]
[EventRounds "7"]
[EventCountry "GER"]
[SourceTitle "EXT 2020"]
[Source "ChessBase"]
[SourceDate "2019.10.17"]
[SourceVersion "1"]
[SourceVersionDate "2019.10.17"]
[SourceQuality "1"]

1. d4 g6 2. h4 Bg7 3. h5 d6 4. Bg5 Nd7 5. Qd2 h6 6. Be3 g5 7. g3 Nb6 8. Na3 d5 9. Bg2 c6 10. Nf3 f6 11. c4 dxc4 12. Qc2 Be6 13. Nd2 Bd5 14. f3 e5 15. dxe5 fxe5 16. Naxc4 Nxc4 17. Nxc4 Ne7 18. 0-0-0 Qc7 19. Bc5 0-0 20. e4 Bf7 21. Bd6 Qd8 22. Bxe5 Nd5 23. Bxg7 Kxg7 24. exd5 cxd5 25. Qc3+ Kg8 26. Bh3 g4 27. Bxg4 Qg5+ 28. Nd2 b5 29. Kb1 a5 30. Qd4 a4 31. Qf4 Qg7 32. Bf5 a3 33. Qg4 d4 34. Qxg7+ Kxg7 35. Be4 Ra7 36. Nb3 Rd8 37. Nxd4 axb2 38. Nf5+ Kf6 39. Rxd8 Bxa2+ 40. Kxb2 b4 41. Rd6+ Kf7 42. Nxh6+ Ke7 43. Nf5+ 1-0

[Event "SVR-op"]
[Site "Hennweiler"]
[Date "2018.03.29"]
[Round "4"]
[White "Englert, Andreas"]
[Black "Melnikov, Valeri"]
[Result "0-1"]
[WhiteElo "1242"]
[BlackElo "1877"]
[PlyCount "82"]
[EventDate "2018.03.24"]
[EventType "swiss"]
[EventRounds "7"]
[EventCountry "GER"]
[SourceTitle "EXT 2020"]
[Source "ChessBase"]
[SourceDate "2019.10.17"]
[SourceVersion "1"]
[SourceVersionDate "2019.10.17"]
[SourceQuality "1"]

1. e4 e5 2. Nf3 Nc6 3. d4 exd4 4. Nxd4 Qh4 5. Nc3 Bb4 6. Qd3 Nf6 7. Bd2 Bxc3 8. Bxc3 Qxe4+ 9. Qxe4+ Nxe4 10. Nxc6 Nxc3 11. Bc4 dxc6 12. bxc3 0-0 13. 0-0 Bf5 14. Bd3 Be6 15. a3 Rad8 16. Rab1 b6 17. Rfe1 g6 18. h3 Kg7 19. Rb4 Rd6 20. Rbe4 Rfd8 21. g4 h6 22. Kh2 Bd5 23. R4e3 Re6 24. Rxe6 Bxe6 25. Kg3 Rd5 26. Bc4 Rc5 27. Bxe6 Rxc3+ 28. Re3 Rxe3+ 29. fxe3 fxe6 30. Kf4 Kf6 31. h4 e5+ 32. Ke4 Ke6 33. c4 b5 34. c5 a5 35. Kd3 Kd5 36. e4+ Kxc5 37. Kc3 b4+ 38. axb4+ axb4+ 39. Kb3 Kb5 40. g5 hxg5 41. hxg5 c5 0-1

[Event "SVR-op"]
[Site "Hennweiler"]
[Date "2018.03.25"]
[Round "3"]
[White "Melnikov, Valeri"]
[Black "Klinkner, Collin"]
[Result "1-0"]
[WhiteElo "1877"]
[BlackElo "1075"]
[PlyCount "23"]
[EventDate "2018.03.24"]
[EventType "swiss"]
[EventRounds "7"]
[EventCountry "GER"]
[SourceTitle "EXT 2020"]
[Source "ChessBase"]
[SourceDate "2019.10.17"]
[SourceVersion "1"]
[SourceVersionDate "2019.10.17"]
[SourceQuality "1"]

1. d4 c5 2. e4 cxd4 3. c3 dxc3 4. Nxc3 Nc6 5. Nf3 e5 6. Bc4 Nf6 7. Ng5 Na5 8. Bxf7+ Ke7 9. Nd5+ Nxd5 10. Qxd5 Nc6 11. Bd2 h6 12. Bb4+ 1-0

[Event "SVR-op"]
[Site "Hennweiler"]
[Date "2018.03.24"]
[Round "2"]
[White "Bender, Tim"]
[Black "Melnikov, Valeri"]
[Result "1-0"]
[WhiteElo "1441"]
[BlackElo "1877"]
[PlyCount "63"]
[EventDate "2018.03.24"]
[EventType "swiss"]
[EventRounds "7"]
[EventCountry "GER"]
[SourceTitle "EXT 2020"]
[Source "ChessBase"]
[SourceDate "2019.10.17"]
[SourceVersion "1"]
[SourceVersionDate "2019.10.17"]
[SourceQuality "1"]

1. e4 e5 2. Nf3 Nc6 3. Bc4 Nf6 4. d3 Bc5 5. c3 a6 6. b4 Ba7 7. Qb3 0-0 8. 0-0 b5 9. Bd5 Qe8 10. Bxc6 dxc6 11. h3 h6 12. Be3 Be6 13. Qc2 Nd7 14. Bxa7 Rxa7 15. a4 Qa8 16. Nbd2 f5 17. exf5 Rxf5 18. axb5 cxb5 19. Ne4 Rxf3 20. gxf3 Bxh3 21. Qa2+ Kh8 22. Rfe1 Qe8 23. Qd5 Qg6+ 24. Ng3 c6 25. Qe4 Qf7 26. Kh2 Be6 27. Qe3 Ra8 28. d4 Bd5 29. dxe5 Bxf3 30. e6 Qf6 31. exd7 Kg8 32. Qe6+ 1-0

[Event "SVR-op"]
[Site "Hennweiler"]
[Date "2018.03.24"]
[Round "1"]
[White "Melnikov, Valeri"]
[Black "Lenz, Joshua"]
[Result "0-1"]
[WhiteElo "1877"]
[BlackElo "1332"]
[PlyCount "226"]
[EventDate "2018.03.24"]
[EventType "swiss"]
[EventRounds "7"]
[EventCountry "GER"]
[SourceTitle "EXT 2020"]
[Source "ChessBase"]
[SourceDate "2019.10.17"]
[SourceVersion "1"]
[SourceVersionDate "2019.10.17"]
[SourceQuality "1"]

1. e4 e6 2. d3 d5 3. Nd2 c5 4. g3 Nc6 5. Bg2 d4 6. f4 f6 7. Ngf3 e5 8. f5 Bd6 9. 0-0 Nh6 10. Nh4 Qe7 11. Nc4 Bc7 12. Bxh6 gxh6 13. Qh5+ Qf7 14. Qxh6 Bd7 15. Bf3 0-0-0 16. Bh5 Qe7 17. a4 Nb4 18. Rf2 Bc6 19. a5 Rd7 20. Bd1 Qd8 21. Rd2 Bb5 22. Nf3 Bxc4 23. dxc4 Bxa5 24. Rxa5 Qxa5 25. Qxf6 Re8 26. Qh6 Qa6 27. Qxa6 Nxa6 28. g4 Rg7 29. g5 h6 30. g6 Nb8 31. Ne1 Nd7 32. Nd3 b6 33. Rg2 Nf6 34. Bf3 Kd7 35. Rg3 Kd6 36. Kf2 a5 37. Ke2 a4 38. Rg1 Rb8 39. Ra1 Ra7 40. Ra3 b5 41. cxb5 Rxb5 42. b3 c4 43. bxc4 Rba5 44. c5+ Rxc5 45. Nxc5 Kxc5 46. Kd3 Kb4 47. Ra1 Rc7 48. Rb1+ Ka5 49. c4 dxc3 50. Bd1 Rd7+ 51. Kxc3 Nxe4+ 52. Kb2 Rd2+ 53. Kc1 Rf2 54. g7 Nf6 55. Bc2 Rxh2 56. Ra1 Kb5 57. Bxa4+ Kb4 58. Bc6 Rf2 59. Ra4+ Kc5 60. Bd7 Rg2 61. g8Q Rxg8 62. Be6 Re8 63. Rh4 h5 64. Kd2 Rd8+ 65. Ke2 Rd4 66. Rh3 Re4+ 67. Kd2 h4 68. Rc3+ Kd6 69. Rc8 Rg4 70. Rd8+ Ke7 71. Rh8 Rg2+ 72. Ke3 Rh2 73. Kf3 e4+ 74. Ke3 h3 75. Ra8 Rh1 76. Ra7+ Kd6 77. Ra6+ Kc5 78. Ra5+ Kb6 79. Ra2 h2 80. Re2 Rb1 81. Rxh2 Ng4+ 82. Kxe4 Nxh2 83. f6 Kc7 84. f7 Rb8 85. Ke3 Nf1+ 86. Kf2 Nd2 87. Ke3 Nb1 88. Kd3 Kd6 89. Bg4 Ke7 90. Bh5 Kf8 91. Kc2 Na3+ 92. Kd3 Nb5 93. Bg6 Nd6 94. Kd4 Nxf7 95. Be4 Ke7 96. Bd5 Rd8 97. Kc5 Ne5 98. Be4 Ke6 99. Bg2 Nd3+ 100. Kc4 Ke5 101. Bh3 Ne1 102. Bf1 Ke4 103. Bh3 Rd1 104. Be6 Rc1+ 105. Kb5 Nc2 106. Bf7 Nd4+ 107. Kb6 Ke5 108. Bg8 Kd6 109. Ba2 Ra1 110. Bf7 Rb1+ 111. Ka5 Kc5 112. Ka6 Nc6 113. Bb3 Rxb3 0-1

[Event "SVR-ch Seniors"]
[Site "Heimbach Weis"]
[Date "2017.04.08"]
[Round "2"]
[White "Melnikov, Valeri"]
[Black "Schreiner, Toni"]
[Result "1-0"]
[WhiteElo "1878"]
[BlackElo "1929"]
[PlyCount "139"]
[EventDate "2017.04.07"]
[EventType "swiss"]
[EventRounds "7"]
[EventCountry "GER"]
[SourceTitle "EXT 2020"]
[Source "ChessBase"]
[SourceDate "2019.10.17"]
[SourceVersion "1"]
[SourceVersionDate "2019.10.17"]
[SourceQuality "1"]

1. d4 e6 2. c4 Nf6 3. Nc3 Bb4 4. Qc2 c5 5. e3 0-0 6. Bd3 Nc6 7. Nge2 d5 8. dxc5 Bxc5 9. cxd5 Nb4 10. Qb1 Nxd3+ 11. Qxd3 exd5 12. 0-0 Be6 13. b3 Qe7 14. Nd4 Rfd8 15. Bb2 Rac8 16. Rad1 Ng4 17. f3 Ne5 18. Qe2 Nc6 19. Na4 Nxd4 20. Bxd4 Bxd4 21. exd4 b6 22. Qd2 Rc7 23. Rc1 Rdc8 24. Rfe1 Qd6 25. Rxc7 Qxc7 26. Re2 g6 27. Nb2 Qc1+ 28. Kf2 Qh1 29. Qf4 Qb1 30. Kg3 Qf5 31. Qxf5 gxf5 32. Nd3 Kg7 33. Nf4 Kf6 34. Nd3 a5 35. h4 Rc3 36. Nf4 Rc1 37. Nh5+ Ke7 38. Rd2 h6 39. Nf4 Kd6 40. Nd3 Rc8 41. Kf4 Rc3 42. Nf2 Rc1 43. Nd1 b5 44. Ne3 a4 45. Nxf5+ Bxf5 46. Kxf5 axb3 47. axb3 Rb1 48. Rd3 b4 49. Kf6 Rc1 50. Kxf7 Rc2 51. Re3 Rxg2 52. Re6+ Kc7 53. Rxh6 Rd2 54. h5 Rxd4 55. Rf6 Rh4 56. Kg6 d4 57. Ra6 d3 58. Ra2 Kc6 59. Rd2 Rd4 60. h6 Kc5 61. h7 Rd6+ 62. Kg5 Rd5+ 63. Kg4 Rd4+ 64. f4 Rd8 65. Rxd3 Rxd3 66. h8Q Rxb3 67. Qe5+ Kc4 68. f5 Rd3 69. f6 b3 70. f7 1-0

[Event "SVR-op"]
[Site "Heimbach Weis"]
[Date "2014.04.17"]
[Round "4"]
[White "Vossen, Daniel"]
[Black "Melnikov, Valeri"]
[Result "0-1"]
[WhiteElo "1816"]
[BlackElo "1904"]
[PlyCount "84"]
[EventDate "2014.04.11"]
[EventType "swiss"]
[EventRounds "7"]
[EventCountry "GER"]
[SourceTitle "CBM 160 Extra"]
[Source "ChessBase"]
[SourceDate "2014.07.01"]
[SourceVersion "1"]
[SourceVersionDate "2014.07.01"]
[SourceQuality "1"]

1. d4 Nf6 2. Bg5 c5 3. d5 d6 4. Nc3 Qb6 5. e4 Bd7 6. b3 h6 7. Bxf6 gxf6 8. Bd3 Na6 9. Nge2 Nb4 10. 0-0 0-0-0 11. a3 Nxd3 12. Qxd3 Qa6 13. Qe3 h5 14. b4 Bh6 15. f4 c4 16. Nd4 e5 17. dxe6 fxe6 18. b5 Qb6 19. g3 e5 20. Nf5 Bxf5 21. Qxb6 axb6 22. exf5 d5 23. fxe5 Be3+ 24. Kg2 Bd4 25. Rf3 fxe5 26. Rd1 Bxc3 27. Rxc3 Rhf8 28. Rf1 e4 29. h3 Kd7 30. g4 Kd6 31. Kg3 Ke5 32. a4 Rc8 33. Ra3 d4 34. Ra2 d3 35. c3 e3 36. Kf3 e2 37. Rg1 Rcd8 38. Ke3 Rfe8 39. Raa1 hxg4 40. hxg4 Kf6+ 41. Kd2 Kg5 42. Rh1 Ra8 0-1

[Event "SVR-op"]
[Site "Heimbach Weis"]
[Date "2014.04.12"]
[Round "2"]
[White "Schoenberger, Kay"]
[Black "Melnikov, Valeri"]
[Result "1/2-1/2"]
[WhiteElo "1758"]
[BlackElo "1904"]
[PlyCount "143"]
[EventDate "2014.04.11"]
[EventType "swiss"]
[EventRounds "7"]
[EventCountry "GER"]
[SourceTitle "CBM 160 Extra"]
[Source "ChessBase"]
[SourceDate "2014.07.01"]
[SourceVersion "1"]
[SourceVersionDate "2014.07.01"]
[SourceQuality "1"]

1. d4 Nf6 2. c4 e5 3. d5 Bc5 4. Nc3 0-0 5. Nf3 Re8 6. Bg5 e4 7. Nd4 h6 8. Bh4 e3 9. fxe3 Rxe3 10. Qd2 Re8 11. Nf5 d6 12. Nxh6+ gxh6 13. Qxh6 Ng4 14. Qh5 Re5 15. Qxg4+ Bxg4 16. Bxd8 Na6 17. Bf6 Ree8 18. a3 Kh7 19. h3 Bf5 20. Rd1 Be3 21. Bd4 Bf4 22. Kf2 Bc2 23. Ra1 c5 24. dxc6 bxc6 25. g3 Bh6 26. Bg2 Rac8 27. Rhf1 Rc7 28. Kg1 f5 29. Kh1 Kg6 30. b4 c5 31. bxc5 dxc5 32. Bg1 Rce7 33. Bf3 Bb3 34. Bd5 Bg7 35. Rac1 Be5 36. g4 fxg4 37. Be4+ Kg7 38. hxg4 Bxc4 39. Bd3 Bxd3 40. exd3 Rd7 41. Rf3 Rh8+ 42. Kg2 Rh4 43. g5 Rg4+ 44. Kf1 Bxc3 45. Rxc3 Rxg5 46. Bf2 Rb7 47. Rg3 Rxg3 48. Bxg3 Kf7 49. Bd6 Rb5 50. a4 Rb4 51. Bxc5 Nxc5 52. Rxc5 Rxa4 53. Re5 Ra2 54. Ke1 Kf6 55. Re3 Kf5 56. Kd1 Kf4 57. Re7 a6 58. Kc1 Kf5 59. Re8 Kf6 60. d4 Kf7 61. Re3 Ra4 62. Rd3 Ke6 63. d5+ Kd6 64. Kb2 Ra5 65. Kb3 Rb5+ 66. Ka4 Rc5 67. Kb3 Ra5 68. Kb2 Rb5+ 69. Ka2 a5 70. Ka3 Rb1 71. Ka4 Ra1+ 72. Ra3 1/2-1/2

[Event "SVR-ch Seniors 36th"]
[Site "Idar Oberstein"]
[Date "2013.03.30"]
[Round "7"]
[White "Melnikov, Valeri"]
[Black "Quaegwer, Gerhard"]
[Result "1-0"]
[WhiteElo "1891"]
[BlackElo "1451"]
[PlyCount "23"]
[EventDate "2013.03.23"]
[EventType "swiss"]
[EventRounds "7"]
[EventCountry "GER"]
[SourceTitle "EXT 2014"]
[Source "ChessBase"]
[SourceDate "2013.11.20"]
[SourceVersion "1"]
[SourceVersionDate "2013.11.20"]
[SourceQuality "1"]

1. e4 e5 2. Bc4 Nf6 3. Nf3 d6 4. Ng5 d5 5. exd5 Nxd5 6. d4 Be7 7. Nxf7 Kxf7 8. Qf3+ Ke6 9. Nc3 Bb4 10. Bxd5+ Kd6 11. dxe5+ Kc5 12. Be3# 1-0

[Event "SVR-ch Seniors 36th"]
[Site "Idar Oberstein"]
[Date "2013.03.24"]
[Round "3"]
[White "Melnikov, Valeri"]
[Black "Baudner, Guntmar"]
[Result "1/2-1/2"]
[WhiteElo "1891"]
[BlackElo "2041"]
[PlyCount "130"]
[EventDate "2013.03.23"]
[EventType "swiss"]
[EventRounds "7"]
[EventCountry "GER"]
[SourceTitle "EXT 2014"]
[Source "ChessBase"]
[SourceDate "2013.11.20"]
[SourceVersion "1"]
[SourceVersionDate "2013.11.20"]
[SourceQuality "1"]

1. e4 c5 2. d4 cxd4 3. c3 dxc3 4. Nxc3 Nc6 5. Nf3 e6 6. Bc4 a6 7. 0-0 Nge7 8. Qe2 Ng6 9. Rd1 Be7 10. Be3 b5 11. Bb3 0-0 12. Rac1 Na5 13. Bc2 Nc4 14. Bb1 Nxe3 15. Qxe3 Rb8 16. g3 Qb6 17. Qd2 d6 18. h4 Rd8 19. b3 Bb7 20. h5 Ne5 21. Nh2 d5 22. exd5 Ba3 23. Qc2 g6 24. Qe4 Bxc1 25. Rxc1 Qd6 26. f4 Nd7 27. hxg6 hxg6 28. Ng4 exd5 29. Qd4 Qc5 30. Ne2 Qxd4+ 31. Nxd4 Rbc8 32. Rd1 Kg7 33. Kf2 Rh8 34. f5 Nf6 35. Nxf6 Kxf6 36. fxg6 fxg6 37. Ke3 Rce8+ 38. Kf4 g5+ 39. Kg4 Bc8+ 40. Kf3 Rh2 41. g4 Rh3+ 42. Kg2 Bxg4 43. Rf1+ Ke7 44. Bf5 Rh4 45. Kg3 Bh5 46. Ne6 Kd6 47. Nxg5 Rd4 48. Rh1 Be2 49. Rh6+ Ke5 50. Nf7+ Kxf5 51. Nd6+ Kg5 52. Nf7+ Kf5 53. Nd6+ Ke5 54. Nxe8 Rd2 55. Rxa6 Kd4 56. Nc7 Kc5 57. a4 bxa4 58. Rxa4 Rd3+ 59. Kf2 Bd1 60. Nxd5 Kxd5 61. Ra8 Kc5 62. Rc8+ Kb4 63. Rb8+ Ka3 64. b4 Rf3+ 65. Kg2 Rb3 1/2-1/2

[Event "SVR-op 35th"]
[Site "Nickenich"]
[Date "2012.04.05"]
[Round "5"]
[White "Roj, Michaela"]
[Black "Melnikov, Valeri"]
[Result "0-1"]
[WhiteElo "1916"]
[BlackElo "1905"]
[PlyCount "80"]
[EventDate "2012.03.30"]
[EventType "swiss"]
[EventRounds "7"]
[EventCountry "GER"]
[SourceTitle "EXT 2013"]
[Source "ChessBase"]
[SourceDate "2012.11.22"]
[SourceVersion "1"]
[SourceVersionDate "2012.11.22"]
[SourceQuality "1"]

1. e4 e5 2. Nf3 Nc6 3. Bc4 Nf6 4. Nc3 Nxe4 5. Nxe4 d5 6. Bd3 dxe4 7. Bxe4 Bd6 8. d3 0-0 9. Ng5 g6 10. 0-0 Qf6 11. Bd5 Be6 12. Ne4 Qe7 13. Bxe6 Qxe6 14. Bh6 Rfe8 15. Bg5 Be7 16. f4 f5 17. Nd2 Bxg5 18. fxg5 Rad8 19. g4 Rd4 20. gxf5 gxf5 21. Rf2 Rg4+ 22. Rg2 Rxg2+ 23. Kxg2 Qd5+ 24. Kh3 e4 25. dxe4 fxe4 26. Qh5 Rf8 27. Nf1 Rf3+ 28. Kg2 Ne5 29. Ne3 Qd2+ 30. Kh1 Qxe3 31. Qe8+ Rf8 32. Qxe5 Qf3+ 33. Kg1 Qf2+ 34. Kh1 Qf3+ 35. Kg1 Rf4 36. Qe8+ Kg7 37. Qe7+ Kg6 38. Qe8+ Kxg5 39. Qe5+ Kh6 40. h3 Qg3+ 0-1

[Event "SVR-op 35th"]
[Site "Nickenich"]
[Date "2012.03.31"]
[Round "1"]
[White "Mehlem, Sabine"]
[Black "Melnikov, Valeri"]
[Result "0-1"]
[WhiteElo "1480"]
[BlackElo "1905"]
[PlyCount "136"]
[EventDate "2012.03.30"]
[EventType "swiss"]
[EventRounds "7"]
[EventCountry "GER"]
[SourceTitle "EXT 2013"]
[Source "ChessBase"]
[SourceDate "2012.11.22"]
[SourceVersion "1"]
[SourceVersionDate "2012.11.22"]
[SourceQuality "1"]

1. d4 Na6 2. e3 g6 3. c3 Bg7 4. Bd3 Nh6 5. Nd2 0-0 6. f4 d6 7. Ngf3 c6 8. Qe2 f5 9. 0-0 Nf7 10. Rf2 e5 11. dxe5 dxe5 12. fxe5 Nxe5 13. Nxe5 Bxe5 14. Nf3 Bf6 15. Bxa6 bxa6 16. Qc4+ Qd5 17. Qxd5+ cxd5 18. Bd2 Rb8 19. Rb1 a5 20. b3 a4 21. b4 Ba6 22. a3 Rfe8 23. Re1 Bc4 24. Nd4 a6 25. g3 Bg5 26. Nf3 Bh6 27. h4 Rb7 28. Rg2 Rbe7 29. Kf2 Bd3 30. Rgg1 Rc7 31. Rc1 Re4 32. Rge1 Kf8 33. Ng1 Ke8 34. Nh3 Rec4 35. Nf4 Be4 36. Ne2 Bf8 37. Nd4 Kd7 38. Ke2 Bd6 39. Rg1 Be5 40. Kf2 Kd6 41. Ke2 Rb7 42. Kf2 Bxd4 43. exd4 Kc6 44. Ra1 Kb5 45. Ra2 Rc8 46. Rb2 Kc4 47. Re1 a5 48. Rc1 Kd3 49. Be1 Kc4 50. Bd2 Rcb8 51. Be3 Re8 52. Ke1 Bd3 53. Kd2 Rb5 54. Re1 h6 55. Rg1 g5 56. hxg5 hxg5 57. Rg2 g4 58. Rh2 Rb7 59. Rh6 Rc8 60. Rh4 Be4 61. Rh6 axb4 62. cxb4 Kb5 63. Rh2 Rbc7 64. Ke1 Rc3 65. Bf4 Rxa3 66. Rh7 Ra1+ 67. Kd2 a3 68. Rb3 Rc2+ 0-1

[Event "SVR-op 34th"]
[Site "Reil"]
[Date "2011.04.16"]
[Round "2"]
[White "Farsch, Bernd"]
[Black "Melnikov, Valeri"]
[Result "0-1"]
[WhiteElo "1553"]
[BlackElo "1892"]
[PlyCount "72"]
[EventDate "2011.04.16"]
[EventType "swiss"]
[EventRounds "7"]
[EventCountry "GER"]
[SourceTitle "EXT 2013"]
[Source "ChessBase"]
[SourceDate "2012.11.22"]
[SourceVersion "1"]
[SourceVersionDate "2012.11.22"]
[SourceQuality "1"]

1. e4 c5 2. Nf3 d6 3. d4 cxd4 4. Nxd4 Nf6 5. Nc3 g6 6. Be3 Bg7 7. Bc4 0-0 8. h3 Nc6 9. g4 Qa5 10. Nxc6 bxc6 11. Bd2 Qb4 12. b3 Qb6 13. Rb1 Bb7 14. h4 d5 15. exd5 cxd5 16. Be2 d4 17. Na4 Qc6 18. Rg1 Rac8 19. c4 Qe4 20. f3 Qe5 21. f4 Qe6 22. Kf2 Ne4+ 23. Kf1 Nxd2+ 24. Qxd2 Rfd8 25. Nb2 Qe3 26. Qxe3 dxe3 27. h5 Rd4 28. f5 Rf4+ 29. Ke1 Be4 30. Bd3 Bxb2 31. Bxe4 Bc3+ 32. Ke2 Bd2 33. Bd5 Rf2+ 34. Kd1 Bb4 35. Bg2 Rd2+ 36. Kc1 Ba3+ 0-1

[Event "SVR-op 33rd"]
[Site "Mendig"]
[Date "2010.03.27"]
[Round "2"]
[White "Kremer, Pia"]
[Black "Melnikov, Valeri"]
[Result "0-1"]
[WhiteElo "1589"]
[BlackElo "1844"]
[PlyCount "98"]
[EventDate "2010.03.27"]
[EventType "swiss"]
[EventRounds "7"]
[EventCountry "GER"]
[SourceTitle "EXT 2011"]
[Source "ChessBase"]
[SourceDate "2010.11.26"]
[SourceVersion "1"]
[SourceVersionDate "2010.11.26"]
[SourceQuality "1"]

1. e4 c5 2. Nf3 d6 3. d4 cxd4 4. Nxd4 Nf6 5. Nc3 g6 6. Be3 Bg7 7. f3 0-0 8. Qd2 Nc6 9. 0-0-0 Bd7 10. Bc4 Qa5 11. Bh6 Nxd4 12. Bxg7 Nxf3 13. gxf3 Kxg7 14. h4 Rac8 15. Bb3 Be6 16. Kb1 Bxb3 17. axb3 Rc6 18. Qd4 Ra6 19. Kc1 Qe5 20. Qd3 Rc8 21. Rdg1 Ra1+ 22. Nb1 Qc5 23. Qd2 Qb6 24. h5 Nxh5 25. Rg2 Nf6 26. Rgh2 h5 27. b4 Rc4 28. Qg5 Qxb4 29. e5 dxe5 30. Qxe5 Rc5 31. Qe3 Rf5 32. c3 Qf4 33. Qxf4 Rxf4 34. Re1 Rxf3 35. Kc2 e6 36. Ree2 Rf1 37. Nd2 Rfc1+ 38. Kb3 Nd5 39. Nc4 Ra6 40. Ref2 Rc6 41. Ne5 Rc7 42. Rfg2 Nf4 43. Rf2 g5 44. Nf3 f6 45. Nd4 Kf7 46. Nb5 Rc5 47. Nd6+ Ke7 48. Ne4 Re5 49. Nd2 Rb5+ 0-1

[Event "SVR-op 31th"]
[Site "Idar Oberstein"]
[Date "2008.03.21"]
[Round "6"]
[White "Buzov, Boris"]
[Black "Melnikov, Valeri"]
[Result "1-0"]
[WhiteElo "2096"]
[BlackElo "1841"]
[PlyCount "41"]
[EventDate "2008.03.15"]
[EventType "tourn"]
[EventRounds "7"]
[EventCountry "GER"]
[SourceTitle "EXT 2009"]
[Source "ChessBase"]
[SourceDate "2008.11.26"]
[SourceVersion "1"]
[SourceVersionDate "2008.11.26"]
[SourceQuality "1"]

1. e4 d6 2. d4 g6 3. Nf3 Bg7 4. Nc3 c6 5. a4 a5 6. h3 Na6 7. Be3 Nb4 8. Nb1 f5 9. exf5 Bxf5 10. Na3 Nf6 11. c3 Nbd5 12. Bd3 0-0 13. Bxf5 gxf5 14. Qd3 f4 15. Bd2 Qe8 16. 0-0 Qh5 17. Rae1 Rae8 18. Nc4 b6 19. Qe2 Kh8 20. Nh2 Qh4 21. Qf3 1-0

[Event "SVR-ch Seniors 30th"]
[Site "Nickenich"]
[Date "2007.04.05"]
[Round "5"]
[White "Melnikov, Valeri"]
[Black "Mehlem, Harald"]
[Result "1-0"]
[WhiteElo "1938"]
[BlackElo "1617"]
[PlyCount "83"]
[EventDate "2007.03.30"]
[EventType "tourn"]
[EventRounds "7"]
[EventCountry "GER"]
[SourceTitle "EXT 2009"]
[Source "ChessBase"]
[SourceDate "2008.11.26"]
[SourceVersion "1"]
[SourceVersionDate "2008.11.26"]
[SourceQuality "1"]

1. e4 e5 2. Qh5 d6 3. Bc4 Qd7 4. Nc3 Nf6 5. Qe2 Be7 6. d3 c6 7. a4 0-0 8. f4 exf4 9. Bxf4 Qg4 10. Qxg4 Nxg4 11. Nf3 Nd7 12. 0-0 Nde5 13. Bb3 Nxf3+ 14. gxf3 Nf6 15. a5 Be6 16. Ba4 Nh5 17. Bd2 f5 18. Ne2 fxe4 19. fxe4 Bf6 20. c3 Bh3 21. Bb3+ Kh8 22. Rf2 Bh4 23. Rxf8+ Rxf8 24. Be3 a6 25. Nd4 Rf6 26. Bc2 Rg6+ 27. Kh1 Bg2+ 28. Kg1 Bxe4+ 29. Kf1 Bd5 30. c4 Bg2+ 31. Ke2 Bh3 32. Rg1 Nf4+ 33. Kd2 Ng2 34. Rf1 Bf6 35. Bg1 h6 36. b4 d5 37. cxd5 cxd5 38. Nb3 Bg5+ 39. Kc3 Nf4 40. Re1 Bf6+ 41. d4 Rxg1 42. Re8# 1-0

[Event "SVR-ch Seniors 30th"]
[Site "Nickenich"]
[Date "2007.04.05"]
[Round "4"]
[White "Schmidt, Hans Georg"]
[Black "Melnikov, Valeri"]
[Result "0-1"]
[WhiteElo "1413"]
[BlackElo "1938"]
[PlyCount "92"]
[EventDate "2007.03.30"]
[EventType "tourn"]
[EventRounds "7"]
[EventCountry "GER"]
[SourceTitle "EXT 2009"]
[Source "ChessBase"]
[SourceDate "2008.11.26"]
[SourceVersion "1"]
[SourceVersionDate "2008.11.26"]
[SourceQuality "1"]

1. d4 Nf6 2. e3 d5 3. Bd3 e6 4. f4 c5 5. c3 Nc6 6. Nf3 Be7 7. 0-0 0-0 8. Ne5 Ne8 9. Rf3 f5 10. Nd2 Nxe5 11. fxe5 g6 12. Rf2 b6 13. Nf3 a5 14. b3 Ba6 15. Bxa6 Rxa6 16. Bb2 Ra7 17. c4 Rd7 18. Rc1 Nc7 19. Bc3 Rf7 20. g3 Na6 21. Qe2 Nc7 22. Ne1 cxd4 23. Bxd4 Ba3 24. Rc2 dxc4 25. Qxc4 Nd5 26. Qc8 Rf8 27. Qxd8 Rfxd8 28. Rc6 Kf7 29. Bxb6 Nxb6 30. Rxb6 Bc5 31. Rb5 Bxe3 32. Kg2 Bxf2 33. Kxf2 Rd2+ 34. Ke3 Rxa2 35. Nf3 h6 36. Rb7+ Ke8 37. Nd4 Rxd4 38. Kxd4 Rxh2 39. Kc5 Rd2 40. Rh7 Rd5+ 41. Kc6 Rxe5 42. Kd6 Rb5 43. Kxe6 Rb6+ 44. Ke5 Rxb3 45. Ke6 Rb6+ 46. Ke5 Rb5+ 0-1

[Event "SVR-ch Seniors 29th"]
[Site "Koblenz"]
[Date "2006.04.14"]
[Round "6"]
[White "Birnstiel, Karl"]
[Black "Melnikov, Valeri"]
[Result "0-1"]
[WhiteElo "1911"]
[BlackElo "1967"]
[PlyCount "114"]
[EventDate "2006.04.07"]
[EventType "swiss"]
[EventRounds "7"]
[EventCountry "GER"]
[SourceTitle "EXT 2009"]
[Source "ChessBase"]
[SourceDate "2008.11.26"]
[SourceVersion "1"]
[SourceVersionDate "2008.11.26"]
[SourceQuality "1"]

1. e4 d6 2. d4 g6 3. f4 Bg7 4. Nf3 Bg4 5. Be2 Nc6 6. c3 e5 7. Be3 exf4 8. Bxf4 Qe7 9. Nbd2 Nf6 10. Bg5 h6 11. Bxf6 Bxf6 12. 0-0 0-0-0 13. Bb5 Nb8 14. Qa4 a6 15. Bd3 Bd7 16. Qc2 g5 17. Nc4 g4 18. Nfd2 Bg5 19. Rae1 h5 20. e5 d5 21. Ne3 Bxe3+ 22. Rxe3 Qg5 23. Ree1 Be6 24. Bf5 Nd7 25. c4 dxc4 26. Nxc4 Kb8 27. Rc1 h4 28. Kh1 h3 29. g3 Nf8 30. Na5 Bd5+ 31. Be4 Ne6 32. Bxd5 Rxd5 33. Nxb7 Rxd4 34. Na5 Rd2 35. Qb3+ Kc8 36. Qb7+ Kd7 37. Rxf7+ Ke8 38. Rff1 Qxe5 39. Qc8+ Rd8 40. Qb7 Qd5+ 41. Qxd5 Rxd5 42. Nb3 Rf8 43. Kg1 Rxf1+ 44. Kxf1 Kd7 45. Rc2 Kd6 46. Rd2 c6 47. Kf2 Ke5 48. Ke3 Rb5 49. Rc2 c5 50. Kd3 Kd5 51. Nd2 Nd4 52. Ne4 Nxc2 53. Nc3+ Kc6 54. Nxb5 Nb4+ 55. Ke4 axb5 56. Kf4 Nd3+ 57. Kxg4 Nxb2 0-1

[Event "SVR-ch Seniors 29th"]
[Site "Koblenz"]
[Date "2006.04.08"]
[Round "2"]
[White "Melnikov, Valeri"]
[Black "Neumann, Horst"]
[Result "0-1"]
[WhiteElo "1967"]
[BlackElo "2026"]
[PlyCount "82"]
[EventDate "2006.04.07"]
[EventType "swiss"]
[EventRounds "7"]
[EventCountry "GER"]
[SourceTitle "EXT 2009"]
[Source "ChessBase"]
[SourceDate "2008.11.26"]
[SourceVersion "1"]
[SourceVersionDate "2008.11.26"]
[SourceQuality "1"]

1. e4 c6 2. d4 d5 3. e5 Bf5 4. Nc3 e6 5. g4 Bg6 6. h4 f6 7. h5 Bf7 8. Nf3 Nd7 9. exf6 gxf6 10. g5 Qb6 11. gxf6 Ngxf6 12. Ng5 Bg8 13. Na4 Qa5+ 14. Nc3 h6 15. Nf3 Ne4 16. Bd2 Nxd2 17. Nxd2 Bb4 18. Rh3 0-0-0 19. Nb3 Qc7 20. a3 Bd6 21. Nb5 Qb8 22. Rc3 Bf4 23. Qg4 Rf8 24. a4 Bh7 25. Nd2 Rhg8 26. Qe2 a6 27. Na3 Bxd2+ 28. Qxd2 Qf4 29. Qxf4 Rxf4 30. Rd1 Nf6 31. f3 Rg3 32. Kf2 Ne4+ 33. Ke1 Nxc3 34. bxc3 Rgxf3 35. Bd3 Bxd3 36. Rxd3 Rxd3 37. cxd3 Rh4 38. a5 Rh2 39. Nb1 Rh1+ 40. Kf2 Rxb1 41. Kg3 Kd7 0-1